UBT Library

Decision-making group interaction / (Record no. 43756)

000 -LEADER
fixed length control field 00586cam a2200217 i 4500
001 - CONTROL NUMBER
control field 4139941
005 - DATE AND TIME OF LATEST TRANSACTION
control field 20180301034147.0
008 - FIXED-LENGTH DATA ELEMENTS--GENERAL INFORMATION
fixed length control field 771206s1978 nyu b 001 0 eng
010 ## - LIBRARY OF CONGRESS CONTROL NUMBER
LC control number 77026623
020 ## - INTERNATIONAL STANDARD BOOK NUMBER
International Standard Book Number 0060450614
040 ## - CATALOGING SOURCE
Original cataloging agency DLC
Transcribing agency DLC
Modifying agency DLC
041 ## - LANGUAGE CODE
Language code of text/sound track or separate title eng
080 ## - UNIVERSAL DECIMAL CLASSIFICATION NUMBER
Universal Decimal Classification number 301.185 BOB
082 00 - DEWEY DECIMAL CLASSIFICATION NUMBER
Classification number 301.185 BOB
100 1# - Rafti
Rafti 49
101 ## - Shkurtesa
Shkurtesa PSI
245 10 - TITLE STATEMENT
Title Decision-making group interaction /
Statement of responsibility, etc Bobby R. Patton, Kim Giffin.
504 ## - BIBLIOGRAPHY, ETC. NOTE
Bibliography, etc Includes bibliographical references and index.
906 ## - LOCAL DATA ELEMENT F, LDF (RLIN)
a 7
b cbc
c orignew
d 1
e ocip
f 19
g y-gencatlg
942 ## - ADDED ENTRY ELEMENTS (KOHA)
Source of classification or shelving scheme
Item type Books
Holdings
Withdrawn status Lost status Source of classification or shelving scheme Damaged status Not for loan Collection code Permanent location Current location Shelving location Date acquired Total Checkouts Full call number Barcode Date last seen Price effective from Koha item type
          Koleksioni i përgjithshem UBT - Lipjan UBT - Lipjan Koleksioni i përgjithshem 03/01/2018   301.185 BOB 002-3000361 03/01/2018 03/01/2018 Books
UBT Library © 2015-2024. All rights reserved University Education for Business and Technology